000 01008nac a22003131i 4500
003 EG-ScBUE
005 20250601094741.0
008 250311t1995 iaua f b 001 0 eng d
020 _a0697231380
020 _a9780697231383
035 _a(OCoLC)32216887
040 _aEG-ScBUE
_beng
_erda
_cEG-ScBUE
_dEG-ScBUE
082 0 4 _a530
_bNOL
_222
100 1 _aNolan, Peter J.,
_eauthor.
245 1 0 _aFundamentals of college physics /
_cPeter J. Nolan, State University of New York at Farmingdale.
246 3 0 _aPhysics
250 _aSecond edition.
264 1 _aDubuque, Iowa :
_bWm. C. Brown Publishers,
_c[1995]
264 4 _cc1995
300 _axxvii, 1056, [46] pages :
_billustrations (some color) ;
_c29 cm
336 _2rdacontent
_atext
_btxt
337 _aunmediated
_2rdamedia
_bn
338 _avolume
_bnc
_2rdacarrier
500 _aIncludes Appendices.
504 _aIncludes bibliographical references and index.
650 7 _aPhysics.
_2BUEsh
655 _vReading book
942 _cBB
_2ddc
999 _c1379
_d1379